Povinnosti zamestnávateľa bez chýb, pokút a penále
Gespeichert in:
| 1. Verfasser: | |
|---|---|
| Format: | Buch |
| Sprache: | Slowakisch |
| Veröffentlicht: |
Žilina
Poradca
2015
|
| Schlagworte: | |
| Tags: |
Keine Tags, Fügen Sie das erste Tag hinzu!
|
MARC
| LEADER | 00000nam a2200000 4500 | ||
|---|---|---|---|
| 001 | 0228122 | ||
| 005 | 20230616113731.7 | ||
| 020 | |a 978-80-8162-014-0 | ||
| 041 | 0 | |a slo | |
| 044 | |a SK | ||
| 245 | 1 | 0 | |a Povinnosti zamestnávateľa |b bez chýb, pokút a penále |c Martin Surový |
| 264 | 1 | |a Žilina |b Poradca |c 2015 | |
| 300 | |a 31 s. | ||
| 610 | 2 | 0 | |a zamestnávatelia |
| 610 | 2 | 0 | |a vzťahy pracovnoprávne |
| 610 | 2 | 0 | |a zákonník práce |
| 610 | 2 | 0 | |a poistenie nemocenské |
| 610 | 2 | 0 | |a poistenie dôchodkové |
| 610 | 2 | 0 | |a poistenie sociálne |
| 610 | 2 | 0 | |a poistenie zdravotné |
| 610 | 2 | 0 | |a dane z príjmov |
| 610 | 2 | 0 | |a služby zamestnanosti |
| 610 | 2 | 0 | |a predpisy pracovnoprávne |
| 610 | 2 | 0 | |a práca závislá |
| 610 | 2 | 0 | |a Slovensko |
| 610 | 2 | 0 | |a 2016 |
| 100 | 1 | |a Surový, Martin | |